| 000 | 00429nam a22001817a 4500 | ||
|---|---|---|---|
| 003 | OSt | ||
| 005 | 20241106100053.0 | ||
| 008 | 241106b |||||||| |||| 00| 0 eng d | ||
| 040 | _cMRSPTU | ||
| 041 | _aENG | ||
| 082 |
_a633.84 _bDA-S |
||
| 100 | _aDas, P. C. | ||
| 245 | _aSpice Crops Production Technology | ||
| 260 |
_aNew Delhi _bScientific Pub. _c2018 |
||
| 300 | _a335 | ||
| 650 | _aAgriculture | ||
| 942 |
_2ddc _cBK _n0 |
||
| 999 |
_c10447 _d10447 |
||